| 000 | 00355nam a2200133Ia 4500 | ||
|---|---|---|---|
| 008 | 240624s9999 xx 000 0 und d | ||
| 041 | _aeng | ||
| 082 | _a425 BAB | ||
| 100 | _aBABER ERIC | ||
| 245 | _aFIFTY WAYS TO IMPROVE YOUR BUSINESS ENGLISH | ||
| 260 |
_c2007 _aOxford _bSummertown Publishing |
||
| 300 | _aix, : 99 : p. : cm. ; 24 | ||
| 365 |
_cRS _b30 |
||
| 999 |
_c12502 _d12502 |
||